How the angler may preserve his catch. (Record no. 23241)
[ view plain ]
| 000 -LEADER | |
|---|---|
| fixed length control field | 00750cam a22002411 4500 |
| 001 - CONTROL NUMBER | |
| control field | f 18000687 |
| 003 - CONTROL NUMBER IDENTIFIER | |
| control field | DLC |
| 005 - DATE AND TIME OF LATEST TRANSACTION | |
| control field | 20260227111248.0 |
| 008 - FIXED-LENGTH DATA ELEMENTS--GENERAL INFORMATION | |
| fixed length control field | 931103s1918 dcu 000 0 eng c |
| 010 ## - LIBRARY OF CONGRESS CONTROL NUMBER | |
| LC control number | f 18000687 |
| 035 ## - SYSTEM CONTROL NUMBER | |
| System control number | (OCoLC)29238360 |
| 040 ## - CATALOGING SOURCE | |
| Original cataloging agency | Library, U. S.Bur. of Fisheries |
| Transcribing agency | NcD |
| Modifying agency | DLC |
| 042 ## - AUTHENTICATION CODE | |
| Authentication code | premarc |
| 050 00 - LIBRARY OF CONGRESS CALL NUMBER | |
| Classification number | SH11 |
| Item number | .A2 no. 37 |
| 100 1# - MAIN ENTRY--PERSONAL NAME | |
| Personal name | Kendall, William Converse, |
| Dates associated with a name | 1861- |
| 245 10 - TITLE STATEMENT | |
| Title | How the angler may preserve his catch. |
| 260 ## - PUBLICATION, DISTRIBUTION, ETC. | |
| Place of publication, distribution, etc. | [Washington, |
| Name of publisher, distributor, etc. | Govt. print. off., |
| Date of publication, distribution, etc. | 1918] |
| 300 ## - PHYSICAL DESCRIPTION | |
| Extent | 7 p. |
| Dimensions | 24 cm. |
| 490 0# - SERIES STATEMENT | |
| Series statement | U. S. Bureau of fisheries. Economic circular |
| Volume/sequential designation | no. 37 |
| 500 ## - GENERAL NOTE | |
| General note | Caption title. |
| 500 ## - GENERAL NOTE | |
| General note | At head of title: Department of commerce. |
| 650 #0 - SUBJECT ADDED ENTRY--TOPICAL TERM | |
| Topical term or geographic name entry element | Fishery products |
| General subdivision | Preservation. |
No items available.